G25-长深高速公路途径行政区 - Statistics

General Stats
  • This quiz has been taken 20 times
    19 since last reset
  • The average score is 21 of 37
Answer Stats
Answer % Correct
长春
100%
四平
92%
通辽
92%
阜新
85%
朝阳
85%
沈阳
77%
承德
77%
唐山
77%
天津
77%
沧州
77%
滨州
69%
淄博
69%
滨州
62%
东营
62%
临沂
62%
连云港
62%
淮安
62%
潍坊
54%
临沂
54%
日照
54%
南京
54%
滁州
46%
南京
46%
镇江
46%
深圳
46%
常州
38%
无锡
38%
湖州
38%
杭州
38%
金华
38%
丽水
38%
南平
38%
三明
38%
龙岩
38%
梅州
38%
河源
38%
惠州
38%
No matching quizzes found
Score Distribution
Percent of People with Each Score
Percentile by Number Answered
Your Score History
You have not taken this quiz since the last reset